Do you love me? / (Record no. 102619)
[ view plain ]
| 000 -LEADER | |
|---|---|
| fixed length control field | 00622nam a2200193 a 4500 |
| 005 - DATE AND TIME OF LATEST TRANSACTION | |
| control field | 20140412111239.0 |
| 008 - FIXED-LENGTH DATA ELEMENTS--GENERAL INFORMATION | |
| fixed length control field | 001113s19uu xx 00 eng d |
| 020 ## - INTERNATIONAL STANDARD BOOK NUMBER | |
| International Standard Book Number | 0-310-20841-6 |
| 050 ## - LIBRARY OF CONGRESS CALL NUMBER | |
| Classification number | M 428.6 |
| Item number | Be415 1979 |
| 100 ## - MAIN ENTRY--PERSONAL NAME | |
| Personal name | Beers, V. G. (Victor Gilbert), 1928 |
| 245 ## - TITLE STATEMENT | |
| Title | Do you love me? / |
| Statement of responsibility, etc | by Gilbert Beers ; illustrated by Jan M. Jones. |
| 260 ## - PUBLICATION, DISTRIBUTION, ETC. (IMPRINT) | |
| Place of publication, distribution, etc | Grand Rapids, MI : |
| Name of publisher, distributor, etc | Zondervan Pub. Hse, |
| Date of publication, distribution, etc | 1976. |
| 300 ## - PHYSICAL DESCRIPTION | |
| Extent | 1 v. (unp.) ; ill. |
| 440 ## - SERIES STATEMENT/ADDED ENTRY--TITLE | |
| Title | Learning to Read from the Bible, primer 3 |
| 650 ## - SUBJECT ADDED ENTRY--TOPICAL TERM | |
| Topical term or geographic name as entry element | Readers -- Bible Stories, English |
| 650 ## - SUBJECT ADDED ENTRY--TOPICAL TERM | |
| Topical term or geographic name as entry element | Bible stories |
| 650 ## - SUBJECT ADDED ENTRY--TOPICAL TERM | |
| Topical term or geographic name as entry element | Readers |
| Withdrawn status | Lost status | Damaged status | Use restrictions | Home library | Current library | Shelving location | Date acquired | Source of acquisition | Total Checkouts | Full call number | Barcode | Date last seen | Price effective from | Koha item type |
|---|---|---|---|---|---|---|---|---|---|---|---|---|---|---|
| Elizalde Library | Elizalde Library | Main Section | 11/13/2000 | M 428.6 Be415 1979 | E2247 | 04/12/2014 | 04/12/2014 | Books |